| 000 | 01166nam a22003615b 4500 | ||
|---|---|---|---|
| 001 | 446 | ||
| 003 | DO-SdBPM | ||
| 005 | 20250611091401.0 | ||
| 007 | ta | ||
| 008 | 950710s2000 sp a | |||| ||spa | ||
| 017 |
_a _b |
||
| 020 | _a8424133692 | ||
| 040 |
_aDO-SdBPM _bspa _cBPMSU _erda |
||
| 082 | 4 |
_a863.6 _bC957j 1999 _222 |
|
| 100 | 1 |
_aCruz Iguerabide, Juan _d1956- |
|
| 245 | 1 | 0 |
_aJonás y el frigorífico miedoso / _c Juan de la Cruz Iguerabide ; ilustrador Mikel Valverde _h |
| 250 | _a 3a. ed. | ||
| 264 |
_aLeón, España : _bEditorial Everest, _c1999 |
||
| 300 |
_a35 páginas . : _bil.ustraciones ; _c21 cm |
||
| 336 |
_atexto _btxt _2rdacontent |
||
| 337 |
_asin mediación _bn _2rdamedia |
||
| 338 |
_avolumen _bnc _2rdacarrier |
||
| 490 | 0 |
_aMontaña encantada; _aPrimeros lectores, _v |
|
| 590 | _aInventariado, 2025/VM | ||
| 600 | _2 | ||
| 650 | 7 | _aCuentos infantiles españoles | |
| 650 | 7 | _a Montaña encantada | |
| 650 | 7 |
_aMiedo _vCuentos infantiles |
|
| 650 | 7 | _aLiteratura infantil española | |
| 700 | 1 |
_aValverde, Mikel _eilustrador |
|
| 910 | _aVMateo V. Control de calidad. BPMSU | ||
| 942 |
_2ddc _cBK |
||
| 999 |
_c15150 _d15150 |
||